[Event "A Lumpy Bumpy Christmas Bonanza!"]
[Site "SchemingMind.com"]
[Date "2009.12.19"]
[Round "-"]
[White "Darnell"]
[Black "Gary"]
[Result "1-0"]
[WhiteCountry "CAN"]
[BlackCountry "ENG"]
[WhiteElo "1421"]
[WhiteRD "69"]
[BlackElo "1335"]
[BlackRD "76"]
[GameID "231700"]

1. e4 c5 2. Nf3 d6 3. d4 cxd4 4. Nxd4 Nf6 5. Nc3 a6 6. f4 e5 7. Nf3 Nc6 8. Bc4 Be7 9. O-O O-O 10. Kh1 b5
11. Bd3 Bb7 12. Ne2 Rc8 13. c3 Nd7 14. Ng3
1-0

[Event "A Lumpy Bumpy Christmas Bonanza!"]
[Site "SchemingMind.com"]
[Date "2009.12.19"]
[Round "-"]
[White "Scooter"]
[Black "lame wolf"]
[Result "1-0"]
[WhiteCountry "USA"]
[BlackCountry "INT"]
[WhiteElo "1641"]
[WhiteRD "66"]
[BlackElo "1055"]
[BlackRD "45"]
[GameID "231701"]

1. d4 f5 2. Bf4 Nf6 3. e3 e6 4. Bd3 g6 5. Ne2 d6 6. O-O h6 7. h3 g5 8. Bh2 Bg7 9. Nd2 Nc6 10. a3 Qe7
11. c4 d5 12. c5 e5 13. Re1 e4 14. Bb5 Bd7 15. Bxc7 a6 16. Bxc6 Bxc6 17. Be5 Nd7 18. Bxg7 Qxg7 19. b4 b5 20. Ng3 Rf8
21. Nb3 f4 22. exf4 Rxf4 23. Nh5 Qf6 24. Nxf6+ Nxf6 25. Na5 Kd7 26. Nxc6 Kxc6 27. a4 g4 28. axb5+ Kxb5 29. Qa4+ Kc4 30. Rac1+ Kxd4
31. Qa1+ Kd3 32. Qc3#
1-0

[Event "A Lumpy Bumpy Christmas Bonanza!"]
[Site "SchemingMind.com"]
[Date "2009.12.24"]
[Round "-"]
[White "Gary"]
[Black "Darnell"]
[Result "0-1"]
[WhiteCountry "ENG"]
[BlackCountry "CAN"]
[WhiteElo "1335"]
[WhiteRD "76"]
[BlackElo "1421"]
[BlackRD "69"]
[GameID "231703"]

1. e4 e6 2. d4 d5 3. Nd2 Nf6 4. e5 Nfd7 5. f4 Qh4+ 6. g3 Qh6 7. Bg2 f6 8. Ngf3 Qh5 9. Qe2 b6 10. b3 c5
11. c3 Nc6 12. Bb2 cxd4
0-1

[Event "A Lumpy Bumpy Christmas Bonanza!"]
[Site "SchemingMind.com"]
[Date "2009.12.19"]
[Round "-"]
[White "lame wolf"]
[Black "Scooter"]
[Result "0-1"]
[WhiteCountry "INT"]
[BlackCountry "USA"]
[WhiteElo "1055"]
[WhiteRD "45"]
[BlackElo "1641"]
[BlackRD "66"]
[GameID "231704"]

1. Nf3 Nf6 2. e4 Nxe4 3. d3 Nf6 4. g3 d6 5. Bg2 Bg4 6. Be3 e5 7. Nbd2 d5 8. Bg5 Be7 9. Bxf6 Bxf6 10. O-O O-O
11. c4 c6 12. Qc2 Re8 13. Rae1 Nd7 14. cxd5 cxd5 15. h3 Bxf3 16. Bxf3 Rc8 17. Qb1 Nb6 18. b3 Bg5 19. g4 Bxd2 20. Re2 Bf4
21. b4 Na4 22. Qb3 Nb6 23. Qb1 Rc7 24. Rc1 Rxc1+ 25. Qxc1 Bxc1
0-1

[Event "A Lumpy Bumpy Christmas Bonanza!"]
[Site "SchemingMind.com"]
[Date "2009.12.20"]
[Round "-"]
[White "Naoki_M"]
[Black "Gammon"]
[Result "0-1"]
[WhiteCountry "JPN"]
[BlackCountry "USA"]
[WhiteElo "1732"]
[WhiteRD "106"]
[BlackElo "1424"]
[BlackRD "52"]
[GameID "231837"]

1. e4 e6 2. d4 d5 3. e5 c5 4. c3 Nc6 5. Nf3 Bd7 6. Be2 Nh6 7. Be3 Rc8 8. O-O Be7 9. a3 b6 10. b4 O-O
11. Bxh6 gxh6 12. bxc5 bxc5 13. Nbd2 c4 14. Qc1 Kh8 15. g3 Rg8 16. Kh1 f6 17. exf6 Bxf6 18. h4 h5 19. Rg1 Qc7 20. Rg2 e5
21. dxe5 Nxe5 22. Nd4 Ng4 23. Bxg4 hxg4 24. Nf1 Rce8 25. Ne3 Bxd4 26. cxd4 Qd6 27. Rb1 Rb8 28. Rxb8 Rxb8 29. Nc2 Ba4 30. Qf4 Qf8
31. Qxf8+ Rxf8 32. Ne3 Rd8 33. Nxg4 c3 34. Ne3 c2 35. Rg1 Rc8 36. Rc1 Rc3 37. Kg2 Rd3 38. Nxc2 Rc3 39. f4 Bxc2 40. f5 Be4+
0-1

[Event "A Lumpy Bumpy Christmas Bonanza!"]
[Site "SchemingMind.com"]
[Date "2009.12.20"]
[Round "-"]
[White "Gammon"]
[Black "Naoki_M"]
[Result "0-1"]
[WhiteCountry "USA"]
[BlackCountry "JPN"]
[WhiteElo "1394"]
[WhiteRD "49"]
[BlackElo "1863"]
[BlackRD "118"]
[GameID "231841"]

1. d4 Nf6 2. c4 d6 3. Nc3 c6 4. Bg5 Bf5 5. Bxf6 exf6 6. Nf3 Nd7 7. e4 Bg6 8. Be2 Be7 9. O-O O-O 10. Nh4 a6
11. a4 Qa5 12. Ra3 c5 13. Nd5 Rfe8 14. Bh5 Bxh5 15. Qxh5 g6 16. Qf3 cxd4 17. Rd1 Rac8 18. Rxd4 Qe1#
0-1

[Event "A Lumpy Bumpy Christmas Bonanza!"]
[Site "SchemingMind.com"]
[Date "2009.12.21"]
[Round "-"]
[White "baron1"]
[Black "andu"]
[Result "1/2-1/2"]
[WhiteCountry "ENG"]
[BlackCountry "AUT"]
[WhiteElo "2425"]
[WhiteRD "99"]
[BlackElo "2184"]
[BlackRD "55"]
[GameID "231901"]

1. c4 e5 2. Nc3 Nc6 3. g3 Nf6 4. Bg2 Bc5 5. Nf3 d6 6. O-O O-O 7. d3 Bg4 8. a3 h6 9. b4 Bb6 10. Na4 Re8
11. Bb2 Bd4 12. Nxd4 Nxd4 13. f3 Bd7 14. Nc3 Nf5 15. Qd2 a5 16. e3 h5 17. Ne2 h4 18. g4 Ne7 19. h3 axb4 20. axb4 Rxa1
21. Rxa1 Ng6 22. b5 c6 23. f4 exf4 24. Nxf4 Nxf4 25. exf4 cxb5 26. Bd4 bxc4 27. Bxb7 Qe7 28. Bf3 cxd3 29. Qxd3 Ne4 30. Qa3 Qe6
31. Qb2 Ng3 32. Bf2 Qc4 33. Bxg3 hxg3 34. Qd2 g6 35. Rc1 Qb3 36. Kg2=
1/2-1/2

[Event "A Lumpy Bumpy Christmas Bonanza!"]
[Site "SchemingMind.com"]
[Date "2009.12.21"]
[Round "-"]
[White "andu"]
[Black "baron1"]
[Result "0-1"]
[WhiteCountry "AUT"]
[BlackCountry "ENG"]
[WhiteElo "2184"]
[WhiteRD "55"]
[BlackElo "2425"]
[BlackRD "99"]
[GameID "231905"]

1. e4 c6 2. Nf3 d5 3. Nc3 Bg4 4. d4 Nf6 5. Bd3 dxe4 6. Nxe4 Bxf3 7. Qxf3 Qxd4 8. Be3 Qd5 9. Nxf6+ gxf6 10. Qh3 e6
11. O-O Bc5 12. Bh6 Nd7 13. a3 O-O-O 14. Rad1 Qa2 15. b4 Bd4 16. Bg7 Rhg8 17. Qxh7 Be5 18. f4 Bc3 19. f5 e5 20. Kh1 a6
21. Rb1 Qd5 22. Rf3 Bd2 23. Bf1 e4 24. Rg3 Qa2 25. Rgb3 Qxc2 26. R3b2 Qc3 27. Rb3 Qd4 28. Be2 Qf2 29. Bc4 Ne5 30. Rf1 Qd4
31. Be2 Nd3
0-1

[Event "A Lumpy Bumpy Christmas Bonanza!"]
[Site "SchemingMind.com"]
[Date "2009.12.22"]
[Round "-"]
[White "ZwaartePaard"]
[Black "BigDaddy"]
[Result "1-0"]
[WhiteCountry "INT"]
[BlackCountry "AUT"]
[WhiteElo "2110"]
[WhiteRD "130"]
[BlackElo "1331"]
[BlackRD "51"]
[GameID "231987"]

1. e4 c5 2. Nf3 e6 3. d4 cxd4 4. Nxd4 Nf6 5. Nc3 Bb4 6. e5 Bxc3+ 7. bxc3 O-O 8. exf6 Qxf6 9. Be2 e5 10. Nb5 a6
11. Nc7 Ra7 12. Nd5 Qd6 13. Rb1 Qc6 14. Ne7+ Kh8 15. Nxc6 Nxc6 16. Bd3 g6 17. Bh6 Rg8 18. Qf3 Nd8 19. Qf6+ Rg7 20. Qxg7#
1-0

[Event "A Lumpy Bumpy Christmas Bonanza!"]
[Site "SchemingMind.com"]
[Date "2009.12.22"]
[Round "-"]
[White "sthorwall"]
[Black "kifosi"]
[Result "1-0"]
[WhiteCountry "USA"]
[BlackCountry "DEN"]
[WhiteElo "2116"]
[WhiteRD "68"]
[BlackElo "1725"]
[BlackRD "123"]
[GameID "231988"]

1. e4 c5 2. b4 cxb4 3. Nf3 Nc6 4. d4 d5 5. exd5 Qxd5 6. c4 bxc3 7. Nxc3 Qa5 8. d5 e6 9. Qd2 Bb4 10. Bb2 exd5
11. a3 Bf8 12. Nxd5 Qxd2+ 13. Nxd2 Kd8 14. Bc4 Be6 15. O-O Bxd5 16. Bxd5 f6 17. Be4 Bd6 18. Nc4 Kc7 19. Bc1 Nge7 20. Rb1 Rab8
21. Nxd6
1-0

[Event "A Lumpy Bumpy Christmas Bonanza!"]
[Site "SchemingMind.com"]
[Date "2009.12.22"]
[Round "-"]
[White "Spottdrossel"]
[Black "Clive Everill"]
[Result "0-1"]
[WhiteCountry "GER"]
[BlackCountry "CZE"]
[WhiteElo "1830"]
[WhiteRD "94"]
[BlackElo "1721"]
[BlackRD "48"]
[GameID "231989"]

1. e4 Nc6 2. d4 d5 3. exd5 Qxd5 4. Nf3 e5 5. Nc3 Bb4 6. Bd2 Bxc3 7. Bxc3 e4 8. Ne5 Nxe5 9. dxe5 Ne7 10. Qe2 Be6
11. Qb5+ Qxb5 12. Bxb5+ c6 13. Be2 Nd5 14. Bd2 O-O-O 15. O-O-O f5 16. Bg5 Rd7 17. Bc4 h6 18. Bh4 g5 19. Bg3 f4 20. Bxf4 gxf4
21. Rhe1 f3 22. g3 Nc7 23. Bxe6 Nxe6
0-1

[Event "A Lumpy Bumpy Christmas Bonanza!"]
[Site "SchemingMind.com"]
[Date "2009.12.22"]
[Round "-"]
[White "BigDaddy"]
[Black "ZwaartePaard"]
[Result "0-1"]
[WhiteCountry "AUT"]
[BlackCountry "INT"]
[WhiteElo "1331"]
[WhiteRD "51"]
[BlackElo "2110"]
[BlackRD "130"]
[GameID "231996"]

1. e4 e5 2. Nf3 d6 3. d4 exd4 4. Nxd4 Nf6 5. Nc3 Be7 6. Bd3 O-O 7. O-O Nc6 8. Be3 Ng4 9. Qe1 Re8 10. f3 Nxe3
11. Qxe3 Nxd4 12. Qxd4 c5 13. Qe3 Bf6 14. Qd2 Bd7 15. Qf4 Be5 16. Qd2 Re6 17. Bc4 Rg6 18. g4 Bd4+ 19. Kh1 a6 20. Qf4 Rf6
21. Qg5 Bc6 22. Nd5 Bxd5 23. Bxd5 Bxb2 24. Rab1 Be5 25. Bxb7 Ra7 26. Qh4 Qc7 27. Bd5 Rh6 28. Qf2 Rxh2+ 29. Qxh2 Bxh2 30. Kxh2 g6
31. c4 Qe7 32. Kg2 Kg7 33. f4 Qh4 34. g5 Qg4+ 35. Kh2 Qe2+ 36. Kg3 h5 37. Rfe1 Qg4+ 38. Kh2 Qxf4+ 39. Kh3 Qf3+ 40. Kh4 Qg4#
0-1

[Event "A Lumpy Bumpy Christmas Bonanza!"]
[Site "SchemingMind.com"]
[Date "2009.12.22"]
[Round "-"]
[White "kifosi"]
[Black "sthorwall"]
[Result "1/2-1/2"]
[WhiteCountry "DEN"]
[BlackCountry "USA"]
[WhiteElo "1725"]
[WhiteRD "123"]
[BlackElo "2116"]
[BlackRD "68"]
[GameID "231997"]

1. d4 f5 2. g3 Nf6 3. Bg2 e6 4. c4 Be7 5. Nf3 O-O 6. O-O d6 7. Nc3 Ne4 8. Nxe4 fxe4 9. Nd2 d5 10. e3 c5
11. dxc5 Bxc5 12. cxd5 exd5 13. a3 Nc6 14. b4 Bb6 15. Bb2 Be6 16. Rc1 Qg5 17. Nb3 Bg4 18. Qd2 Rad8 19. Nd4 Bxd4 20. Bxd4 Nxd4
21. Qxd4=
1/2-1/2

[Event "A Lumpy Bumpy Christmas Bonanza!"]
[Site "SchemingMind.com"]
[Date "2009.12.23"]
[Round "-"]
[White "Clive Everill"]
[Black "Spottdrossel"]
[Result "1-0"]
[WhiteCountry "CZE"]
[BlackCountry "GER"]
[WhiteElo "1709"]
[WhiteRD "47"]
[BlackElo "1835"]
[BlackRD "109"]
[GameID "231998"]

1. e4 e5 2. Nc3 Bb4 3. Bc4 Nf6 4. d3 Nc6 5. a3 Ba5 6. f4 d6 7. Nf3 O-O 8. O-O Bb6+ 9. Kh1 Ng4 10. h3 Nf2+
11. Rxf2 Bxf2 12. f5 Qf6 13. Bg5 Qxg5 14. Nxg5
1-0

[Event "A Lumpy Bumpy Christmas Bonanza!"]
[Site "SchemingMind.com"]
[Date "2010.01.07"]
[Round "-"]
[White "Scooter"]
[Black "Naoki_M"]
[Result "1-0"]
[WhiteCountry "USA"]
[BlackCountry "JPN"]
[WhiteElo "1741"]
[WhiteRD "55"]
[BlackElo "1643"]
[BlackRD "93"]
[GameID "233889"]

1. d4 d5 2. Nf3 Nf6 3. Bf4 e6 4. Nbd2 Be7 5. e3 O-O 6. Bd3 a6 7. O-O Nc6 8. a3 b5 9. b3 Bd7 10. c4 Rb8
11. c5 Qc8 12. b4 Bd8 13. Qc2 Ne7 14. Be5 Ng6 15. h3 Bc6 16. Rfe1 Qb7 17. h4 Ne4 18. Bh2 f5 19. h5 Nh8 20. Ne5 Nf7
21. Ndf3 Bf6 22. Rac1 Bxe5 23. Nxe5 Nxe5 24. Bxe5 Rf7 25. Bxe4 dxe4 26. Qb3 Bd5 27. Qc2 Qc6 28. Ra1 g5 29. hxg6 hxg6 30. a4 Bc4
31. axb5 Bxb5 32. g3 Rh7 33. Kg2 Re8 34. Rh1 Ree7 35. Rxh7 Rxh7 36. Rh1 Rxh1 37. Kxh1 Bd3 38. Qa2 Qb5 39. Qxe6+ Kf8 40. Qc8+ Ke7
41. Qxc7+ Qd7 42. d5 Qxc7 43. Bxc7 Kd7 44. Bb6 Bb5 45. Kh2 Ke7 46. Kh3 Be8 47. Kh4 Kd7 48. g4 Bf7 49. Kg5 fxg4 50. d6 g3
51. fxg3 Kc6 52. Kf6
1-0

[Event "A Lumpy Bumpy Christmas Bonanza!"]
[Site "SchemingMind.com"]
[Date "2010.01.07"]
[Round "-"]
[White "Naoki_M"]
[Black "Scooter"]
[Result "0-1"]
[WhiteCountry "JPN"]
[BlackCountry "USA"]
[WhiteElo "1643"]
[WhiteRD "93"]
[BlackElo "1741"]
[BlackRD "55"]
[GameID "233896"]

1. c4 c6 2. e4 d5 3. exd5 cxd5 4. d4 dxc4 5. Bxc4 Bf5 6. Nf3 Nf6 7. Nc3 a6 8. Be3 e6 9. O-O Be7 10. a3 O-O
11. Ne5 Nbd7 12. Bf4 Nxe5 13. Bxe5 Bd6 14. Re1 h6 15. h3 b5 16. Bd3 Bxe5 17. dxe5 Qxd3 18. Qxd3 Bxd3 19. exf6 gxf6 20. Rad1 Rad8
21. Re3 Bc2 22. Rxd8 Rxd8 23. Re2 Bg6 24. g4 f5 25. f3 fxg4 26. hxg4 Kf8 27. Kf2 Ke7 28. Ke3 f6 29. Rh2 Rh8 30. Ne2 h5
31. Nf4 Kf7 32. gxh5 Bf5 33. h6 e5 34. Nd5 Be6 35. Nc7 Bc8 36. f4 exf4+ 37. Kxf4 Kg6 38. b4 Rxh6 39. Rxh6+ Kxh6 40. Nd5 Kg7
41. Ke3 f5 42. Kd4 Bb7 43. Ke5 Bxd5 44. Kxd5 Kg6 45. Kd4 Kg5 46. Ke3 Kg4 47. Ke2 Kg3 48. Ke3 f4+ 49. Ke2 Kg2
0-1

[Event "A Lumpy Bumpy Christmas Bonanza!"]
[Site "SchemingMind.com"]
[Date "2010.01.18"]
[Round "-"]
[White "latvija"]
[Black "baron1"]
[Result "1/2-1/2"]
[WhiteCountry "USA"]
[BlackCountry "ENG"]
[WhiteElo "2232"]
[WhiteRD "114"]
[BlackElo "2439"]
[BlackRD "93"]
[GameID "234843"]

1. e4 c6 2. c4 d5 3. exd5 cxd5 4. cxd5 Nf6 5. Nc3 Nxd5 6. Nf3 Nc6 7. Bb5 e6 8. O-O Bd6 9. d4 O-O 10. Bc4 Nxc3
11. bxc3 e5 12. Re1 exd4 13. cxd4 Bg4 14. h3 Bh5 15. Bb2 Rc8 16. Rc1 Qb6 17. Bc3 Ne7 18. Bd2 Bxf3 19. Qxf3 Qxd4 20. Be3 Qe5
21. g3 b6 22. Red1 Qf5 23. Qb7 Ba3 24. Rc3 Bb4 25. Rcc1 Ba3 26. Rc3 Bb4 27. Rcc1 Ba3 28. g4 Qe5 29. Bd4 Qb8 30. Qxb8 Rxb8
31. Rc3 Bb4 32. Rcd3 Ng6 33. Bb2 b5 34. Bb3 a5 35. Rd7 Be7 36. Bd4 Rfd8 37. Ba7 Rbc8 38. Be3 a4 39. Rxd8+ Rxd8 40. Rxd8+ Bxd8
41. Bc2 Be7 42. Kg2 Ne5 43. Kg3 Bd6 44. Kf4 Nc4+ 45. Ke4 Nxe3 46. fxe3 Bc5 47. Bd3 b4 48. Bb1 g6 49. Kd3 a3 50. e4 Bf2
51. e5 Be1 52. Bc2 Kf8 53. Ba4 Ke7 54. Bb3 f6 55. Ke4 Bg3 56. e6 Kd6 57. Bd5 Be5 58. Bc4 h5 59. Bb3 h4 60. Bd5 Bc3
61. Bc4 Be1 62. Bd5 Bd2 63. Bc4 Ke7 64. Bd5 Be1 65. Kf4 Bg3+ 66. Ke4 Bd6 67. Kd3 f5 68. gxf5 gxf5 69. Kc4=
1/2-1/2

[Event "A Lumpy Bumpy Christmas Bonanza!"]
[Site "SchemingMind.com"]
[Date "2010.01.16"]
[Round "-"]
[White "baron1"]
[Black "latvija"]
[Result "1-0"]
[WhiteCountry "ENG"]
[BlackCountry "USA"]
[WhiteElo "2439"]
[WhiteRD "93"]
[BlackElo "2232"]
[BlackRD "114"]
[GameID "234846"]

1. c4 c5 2. Nc3 Nf6 3. Nf3 Nc6 4. g3 d5 5. cxd5 Nxd5 6. Bg2 Nc7 7. d3 e5 8. Nd2 Bd7 9. O-O Be7 10. Nc4 f6
11. f4 b5 12. Ne3 exf4 13. gxf4 O-O 14. Ned5 Rb8 15. Be3 Nd4 16. b4 Nxd5 17. Nxd5 Be6 18. Nxe7+ Qxe7 19. bxc5 Qxc5 20. Qe1 Rfd8
21. Qf2 Qb4 22. Rab1 Qa4 23. Rb2 a5 24. Rc1 Rbc8 25. Rxc8 Rxc8 26. Bb7 Rd8 27. Be4 f5 28. Bg2 h6 29. h3 Kf7 30. Qh4 Rd6
31. Qh5+ Kf8 32. Qg6 Rd7 33. Kh2 Rf7 34. Ba8 Rc7 35. Qg1 Rd7 36. Qc1 Qa3 37. Bc6 Rd6 38. Bxb5 Nxb5 39. Rxb5 Qxc1 40. Bxc1 Rc6
41. Ba3+ Kg8 42. Bc5 Bxa2 43. Rxa5 Bd5 44. Bd4 Rd6 45. Be5 Rd7 46. Kg3 Kh8 47. Ra3 Bf7 48. Ra6 Kh7 49. Kf3 Kg8 50. Ra8+ Kh7
51. Kf2 Bb3 52. Ra1 Kg6 53. Rg1+ Kh7 54. Ke3 Be6 55. h4 Bd5 56. Kd2 Bc6 57. Kc3 Ba8 58. Kb4 g6 59. Kc5 Rd5+ 60. Kb6 Rd7
61. Ra1 Bb7 62. d4 Bg2 63. Kc5 Rd5+ 64. Kb4 Rd7 65. Ra6 Bd5 66. Kc5 h5 67. Rb6 Bb7 68. Rf6 Kg8 69. Rxg6+ Kf7 70. Rf6+
1-0

[Event "A Lumpy Bumpy Christmas Bonanza!"]
[Site "SchemingMind.com"]
[Date "2010.01.31"]
[Round "-"]
[White "ZwaartePaard"]
[Black "sthorwall"]
[Result "1/2-1/2"]
[WhiteCountry "INT"]
[BlackCountry "USA"]
[WhiteElo "2101"]
[WhiteRD "115"]
[BlackElo "2144"]
[BlackRD "74"]
[GameID "236642"]

1. f4 d5 2. Nf3 Nf6 3. e3 g6 4. Be2 c5 5. O-O Bg7 6. d3 Nc6 7. a4 O-O 8. Nc3 d4 9. Nb5 a6 10. Na3 dxe3
11. Bxe3 Ng4 12. Bxc5 b6 13. Bf2 Nxf2 14. Rxf2 Bxb2 15. Ra2 Bg7 16. Qd2 e5 17. c3 exf4 18. Qxf4 Bxc3 19. Rc2 Bb4 20. Rxc6 Bxa3
21. d4 Bb7 22. Rc3 Bb4 23. Rb3 a5 24. Ng5 Be1 25. Nxh7 Bxf2+ 26. Kxf2 Kxh7 27. Rh3+ Kg8 28. Bc4 Qe7 29. Rh8+ Kxh8 30. Qh6+ Kg8
31. Qxg6+ Kh8=
1/2-1/2

[Event "A Lumpy Bumpy Christmas Bonanza!"]
[Site "SchemingMind.com"]
[Date "2010.01.31"]
[Round "-"]
[White "sthorwall"]
[Black "ZwaartePaard"]
[Result "1-0"]
[WhiteCountry "USA"]
[BlackCountry "INT"]
[WhiteElo "2144"]
[WhiteRD "74"]
[BlackElo "2101"]
[BlackRD "115"]
[GameID "236647"]

1. e4 d6 2. d4 Nf6 3. Nc3 Nbd7 4. f4 e5 5. Nf3 exd4 6. Qxd4 c6 7. Be3 d5 8. O-O-O Bc5 9. Qd3 Qe7 10. e5 Ng4
11. Bxc5 Nxc5 12. Qd4 h5 13. h3 Nh6 14. g3 Be6 15. Nh4 g5 16. Nf3 Nf5 17. Qf2 gxf4 18. gxf4 Rg8 19. Bd3 O-O-O 20. Bxf5 Bxf5
21. Nd4 Bh7 22. Rhg1 Kb8 23. a3 Rxg1 24. Rxg1 Ne4 25. Nxe4 dxe4 26. Rd1 f5 27. Qd2 Kc8 28. Qa5 a6 29. Qb6 Rd7 30. Qa7 c5
31. Nb3 Rxd1+ 32. Kxd1 Qd7+ 33. Kc1 c4 34. Nd4 Qd5 35. Qb6 e3 36. Qe6+ Qxe6 37. Nxe6 Bg6 38. Kd1 Be8 39. Ke2 Kd7 40. Nd4 Bg6
41. Kxe3
1-0

[Event "A Lumpy Bumpy Christmas Bonanza!"]
[Site "SchemingMind.com"]
[Date "2010.02.09"]
[Round "-"]
[White "Darnell"]
[Black "Clive Everill"]
[Result "0-1"]
[WhiteCountry "CAN"]
[BlackCountry "CZE"]
[WhiteElo "1387"]
[WhiteRD "62"]
[BlackElo "1682"]
[BlackRD "50"]
[GameID "238091"]

1. d4 f5 2. g3 Nf6 3. Bg2 c5 4. Nf3 cxd4 5. Nxd4 g6 6. Bf4 Bg7 7. Qd2 Qb6 8. c3 O-O 9. Na3 Ne4 10. Nc4 Qa6
11. Qd3 Nc5
0-1

[Event "A Lumpy Bumpy Christmas Bonanza!"]
[Site "SchemingMind.com"]
[Date "2010.02.08"]
[Round "-"]
[White "Clive Everill"]
[Black "Darnell"]
[Result "1-0"]
[WhiteCountry "CZE"]
[BlackCountry "CAN"]
[WhiteElo "1682"]
[WhiteRD "50"]
[BlackElo "1387"]
[BlackRD "62"]
[GameID "238101"]

1. e4 d5 2. exd5 Qxd5 3. Nc3 Qa5 4. Bc4 Nf6 5. Qe2 e5 6. d4 Bd6 7. Bg5 Nc6 8. Bxf6 gxf6 9. Qh5 Rf8 10. d5 Ne7
11. Nf3 Bf5 12. Rc1 Bg6 13. Qh4 O-O-O 14. Qxf6
1-0

[Event "A Lumpy Bumpy Christmas Bonanza!"]
[Site "SchemingMind.com"]
[Date "2010.04.04"]
[Round "-"]
[White "Scooter"]
[Black "sthorwall"]
[Result "0-1"]
[WhiteCountry "USA"]
[BlackCountry "USA"]
[WhiteElo "1767"]
[WhiteRD "61"]
[BlackElo "2136"]
[BlackRD "75"]
[GameID "243820"]

1. d4 Nf6 2. Bf4 e6 3. Nf3 c5 4. e3 d5 5. h3 Nc6 6. c3 Bd6 7. Bxd6 Qxd6 8. Bb5 Bd7 9. O-O O-O 10. Bxc6 Bxc6
11. Nbd2 cxd4 12. cxd4 a5 13. Rc1 a4 14. Ne5 Bb5 15. Re1 Rfc8 16. b3 Qb4 17. Rxc8+ Rxc8 18. Ndf3 axb3 19. axb3 Ne4 20. Qb1 f6
21. Ng4 h5 22. Ngh2 Rc3 23. Qa2 Qxb3 24. Qa8+ Kh7 25. Qxb7 Qc2
0-1

[Event "A Lumpy Bumpy Christmas Bonanza!"]
[Site "SchemingMind.com"]
[Date "2010.04.05"]
[Round "-"]
[White "sthorwall"]
[Black "Scooter"]
[Result "1-0"]
[WhiteCountry "USA"]
[BlackCountry "USA"]
[WhiteElo "2136"]
[WhiteRD "75"]
[BlackElo "1767"]
[BlackRD "61"]
[GameID "243828"]

1. e4 e5 2. Nf3 Nc6 3. d4 exd4 4. Nxd4 Nxd4 5. Qxd4 d6 6. Nc3 Nf6 7. Bg5 Be7 8. Bc4 O-O 9. O-O-O h6 10. Bf4 Ng4
11. Nd5 Bg5 12. Bxg5 Qxg5+ 13. f4 Qd8 14. h3 Nf6 15. Nxf6+ Qxf6 16. Qxf6 gxf6 17. g4 Be6 18. Bd3 a5 19. c4 a4 20. Rhe1 a3
21. b3 h5 22. gxh5 Bxh3 23. h6 Kh8 24. Rh1 Bg2 25. Rh2 Bf3 26. Rf1 Bg4 27. Rg1 Bd7 28. h7 f5 29. exf5 f6 30. Rhg2 Rf7
31. Rg8+ Rxg8 32. hxg8=Q#
1-0

[Event "A Lumpy Bumpy Christmas Bonanza!"]
[Site "SchemingMind.com"]
[Date "2010.04.27"]
[Round "-"]
[White "baron1"]
[Black "Clive Everill"]
[Result "1-0"]
[WhiteCountry "ENG"]
[BlackCountry "CZE"]
[WhiteElo "2455"]
[WhiteRD "91"]
[BlackElo "1664"]
[BlackRD "50"]
[GameID "246676"]

1. c4 Nf6 2. d4 e6 3. Nf3 b6 4. g3 c5 5. Bg2 Bb7 6. d5 exd5 7. Nh4 Ba6 8. cxd5 d6 9. Nc3 Be7 10. Nf5 O-O
11. O-O Re8 12. Bf4 Bf8 13. Re1 g6 14. Nh6+ Kg7 15. g4 Nbd7 16. g5 Nh5 17. Bd2 Be7 18. Ne4 Ne5 19. f4 Nc4 20. Bc3+ Kf8
21. Qd3 b5 22. b3 Nb6 23. Bb2 f6 24. f5 c4 25. Qd4 Nd7 26. fxg6 hxg6 27. Ng4 Ne5 28. gxf6 Nxg4 29. fxe7+ Kxe7 30. Ba3 Ngf6
31. Nxd6 Kd7 32. Nxe8 Qxe8 33. Qc5 Kd8 34. Bb4 Bc8 35. Ba5+ Kd7 36. Qc7#
1-0

[Event "A Lumpy Bumpy Christmas Bonanza!"]
[Site "SchemingMind.com"]
[Date "2010.04.27"]
[Round "-"]
[White "Clive Everill"]
[Black "baron1"]
[Result "0-1"]
[WhiteCountry "CZE"]
[BlackCountry "ENG"]
[WhiteElo "1664"]
[WhiteRD "50"]
[BlackElo "2455"]
[BlackRD "91"]
[GameID "246679"]

1. e4 c6 2. d4 d5 3. Nd2 dxe4 4. Nxe4 Nd7 5. Qe2 Ndf6 6. c3 Nxe4 7. Qxe4 Nf6 8. Qc2 Qd5 9. Nf3 Bf5 10. Qb3 Qxb3
11. axb3 e6 12. b4 Bd6 13. Nh4 Bc2 14. Be2 O-O 15. O-O Nd5 16. f4 Bc7 17. Bd2 a6 18. g3 Rad8 19. Ng2 Bf5 20. Rfe1 g6
21. Nh4 Bh3 22. Kf2 Kg7 23. Kf3 f6 24. Bf1 Bxf1 25. Rxf1 e5 26. Kg2 exd4 27. cxd4 Rfe8 28. Rf2 Bd6 29. f5 g5 30. Nf3 Bxb4
31. Bxb4 Nxb4 32. Rd1 Nd5 33. Rd3 Ne3+ 34. Kg1 Nxf5 35. Rfd2 g4 36. Nh4 Nxh4 37. gxh4 Rd5 38. Kf2 Kg6 39. Kg3 f5 40. h3 Re4
41. hxg4 Rxg4+ 42. Kf3 Rxh4 43. Rg2+ Kf6 44. Rgd2 c5 45. dxc5 Rh3+ 46. Ke2 Rhxd3 47. Rxd3 Rxd3 48. Kxd3 Ke5 49. b4 h5
0-1

[Event "A Lumpy Bumpy Christmas Bonanza!"]
[Site "SchemingMind.com"]
[Date "2010.05.31"]
[Round "-"]
[White "baron1"]
[Black "sthorwall"]
[Result "0-1"]
[WhiteCountry "ENG"]
[BlackCountry "USA"]
[WhiteElo "2417"]
[WhiteRD "88"]
[BlackElo "2193"]
[BlackRD "88"]
[GameID "250206"]

1. c4 Nf6 2. Nc3 e5 3. Nf3 Nc6 4. g3 Bb4 5. Nd5 Bc5 6. Bg2 O-O 7. O-O d6 8. e3 a5 9. d4 Ba7 10. dxe5 dxe5
11. Qb3 a4 12. Qxa4 Nxd5 13. cxd5 Qxd5 14. Rd1 Qe6 15. Bd2 e4 16. Ng5 Qg6 17. Qb5 Re8 18. Bc3 h6 19. Nh3 Bb6 20. Nf4 Qg5
21. Rd5 Qe7 22. a3 Bg4 23. h3 Bf3 24. Bxf3 exf3 25. Rad1 Rad8 26. Nh5 Rxd5 27. Qxd5 Ne5 28. Nxg7 Kxg7 29. Bxe5+ Qxe5 30. Qxf3 Qxb2
31. a4 Qc2 32. Rd7 Qc4 33. Qh5 Qe6 34. Rd5 Bxe3 35. fxe3 Qxe3+ 36. Kg2 Qe4+ 37. Qf3 Qc2+ 38. Kf1 Qxa4 39. Qc3+ Kg8 40. Rd4 Qb5+
41. Qc4 Qxc4+ 42. Rxc4 c6 43. Kf2 Kh7 44. Kf3 Re5 45. Kf4 f6 46. Rd4 Kg6 47. Rd8 b5 48. Rb8 Rc5 49. Ke3 Kf5 50. Kd3 Ke5
51. g4 f5 52. Re8+ Kf6 53. Rf8+ Kg7 54. Rb8 fxg4 55. hxg4 Rc4 56. Rc8 Rxg4 57. Rc7+ Kg6 58. Rxc6+ Kh5 59. Rc5+ Rg5
0-1

[Event "A Lumpy Bumpy Christmas Bonanza!"]
[Site "SchemingMind.com"]
[Date "2010.05.31"]
[Round "-"]
[White "sthorwall"]
[Black "baron1"]
[Result "1/2-1/2"]
[WhiteCountry "USA"]
[BlackCountry "ENG"]
[WhiteElo "2204"]
[WhiteRD "92"]
[BlackElo "2406"]
[BlackRD "92"]
[GameID "250209"]

1. e4 e5 2. Nf3 Nf6 3. Nxe5 d6 4. Nf3 Nxe4 5. d4 d5 6. Bd3 Nc6 7. O-O Be7 8. c4 Nb4 9. Be2 O-O 10. Nc3 Bf5
11. a3 Nxc3 12. bxc3 Nc6 13. Re1 Re8 14. cxd5 Qxd5 15. Bf4 Rac8 16. Bd3 Qd7 17. Bb5 Bd6 18. Bxd6 Rxe1+ 19. Nxe1 Qxd6 20. Qf3 g6
21. Bd3 Be6 22. Be4 Re8 23. Bxc6 bxc6 24. Nd3 Bd5 25. Qg4 Bc4 26. Nc5 Re2 27. h3 Qe7 28. Qg3 Rc2 29. a4 Kg7 30. a5 h6
31. a6= Re2 32. h4 h5 33. Qf4 Bb5 34. f3 Rc2 35. Qe4 Qxe4 36. Nxe4 Bd3 37. Nc5 Rxc3 38. Rd1 Bf5 39. Rd2 Rc2 40. Rxc2 Bxc2
41. Kf2 Kf6 42. g4 hxg4 43. fxg4 g5 44. hxg5+ Kxg5 45. Kg3 f5 46. gxf5 Kxf5 47. Kf3 Kf6 48. Kf4 Bh7 49. Ke3 Ke7 50. Kd2 Kd6
51. Kc3 Kd5 52. Kb4 Bg6 53. Kc3 Bf5 54. Nb3 Bh3 55. Nc5 Bf1 56. Kb4 Bb5 57. Kc3 Bc4 58. Nd7 Bxa6 59. Nf6+ Ke6 60. Ne8 Kd7
61. Nf6+ Ke7 62. Ne4 Bf1 63. Kb4 Ke6 64. Nd2 Bd3 65. Kc3 Be2 66. Nb3 Kd5 67. Nc5 a5 68. Nd7 Bc4 69. Nf6+ Ke6 70. Ne4 Bf1
71. Nc5+ Kd5 72. Nd7 Be2 73. Nf6+ Ke6 74. Ne4= Bf1 75. Nc5+ Ke7 76. Kb3 Bb5 77. Ka3 Kd6 78. Nb7+ Kd5 79. Nxa5 Kxd4 80. Kb4 Kd5
81. Nb3 Bc4 82. Nc5 Kd4 83. Ne4 Be2 84. Nc5 Kd5 85. Nb3 Bd3 86. Nc5 Bf1 87. Nb3 Bh3 88. Nc5 Bc8 89. Nb3 Be6 90. Nc5 Bh3=
1/2-1/2